Before and After Quiz - Statistics

General Stats
  • This quiz has been taken 23 times
  • The average score is 5 of 12
Answer Stats
Hint Answer % Correct
A Canadian rapper popularized by his songs "Hotling Bling," and "One Dance." A college town in Ohio where there was a tragic event during the Vietnam War, or a county in southeastern England whose most famous and ancient city is Canterbury and capital is Maidstone. Drakent
84%
The most popular and expensive crypto currency in the world today. The name of a extremely populous country in Asia with over 17,000 islands one of which being Bali. Bitcoindonesia
74%
The name of small rocky objects that orbit the sun. Another name for a person you would call "stupid." Asteroidiot
58%
A name of a Tolkien character who often uses the phrase "my precious". A mean teacher in the Harry Potter series who is promoted to Hogwarts High Inquisitor, and eventually headmistress. Gollumbridge
58%
The last name of the basketball player often thought of as the best of all time, has a signature shoe, and won six NBA titles for a Midwest team. The name of a popular Star Wars show before the events of Rogue One. Jordandor
58%
Hockey's all-time leading goal scorer. The name of one of the "Stan" countries in Asia. Gretzkyrgyzstan
53%
A European river that flows through 6 countries and begins in Switzerland. A country with a province named Zeeland. Rhinetherlands
53%
A famous block placing game sandbox game created by Mojang. The abbreviation for the word "fort." Minecraftft
37%
The last name of the baseball player who has the most expensive sports card ever sold at $12.6 million, who also played for the New York Yankees. A tiny country landlocked inside South Africa that is very hilly or mountainous. Mantlesotho
21%
The barely named most abundant mineral on Earth. The most popular drink in the world after water. Bridgmanitea
16%
A large gorilla or monkey that famously climbed the empire state building. The capital of a small island country in Oceania. Kingkongerulmud
11%
A gen three pokemon who likes the sand and digs pits in it, is orange, and kind of looks like a turtle. A mythical Spanish creature often referred to as a "goat sucker" which is this creature's name in Spanish. Trapinchupacabra
11%
No matching quizzes found
Score Distribution
Percent of People with Each Score
Percentile by Number Answered
Your Score History
You have not taken this quiz